00222nam a2200097Ia 4500008004100000041001200041082002100053100002100074245002000095650000900115231221s9999 xx 000 0 und d aEnglish a001.6424JAV SYD aSydow, Dan Parks 0aJumping to Java aJava